Law against the state ethnographic forays into law's transformations /

Spremljeno u:
Bibliografski detalji
Autor kompanije: ebrary, Inc
Daljnji autori: Eckert, Julia M.
Format: Elektronički e-knjiga
Jezik:engleski
Izdano: Cambridge : Cambridge University Press, 2012.
Serija:Cambridge studies in law and society.
Teme:
Online pristup:An electronic book accessible through the World Wide Web; click to view
Oznake: Dodaj oznaku
Bez oznaka, Budi prvi tko označuje ovaj zapis!

MARC

LEADER 00000nam a2200000Ia 4500
001 ebr10568363
003 CaPaEBR
006 m u
007 cr cn|||||||||
008 120118s2012 enk sb 001 0 eng d
010 |z  2012002121 
020 |z 9781107014664 
020 |z 9781139419840 
040 |a CaPaEBR  |c CaPaEBR 
035 |a (OCoLC)795632014 
050 1 4 |a K564.P83  |b L39 2012eb 
082 0 4 |a 344.009172/4  |2 23 
245 0 0 |a Law against the state  |h [electronic resource] :  |b ethnographic forays into law's transformations /  |c edited by Julia Eckert ...[et. al.]. 
260 |a Cambridge :  |b Cambridge University Press,  |c 2012. 
300 |a xiv, 291 p. 
490 1 |a Cambridge studies in law and society 
504 |a Includes bibliographical references and index. 
533 |a Electronic reproduction.  |b Palo Alto, Calif. :  |c ebrary,  |d 2013.  |n Available via World Wide Web.  |n Access may be limited to ebrary affiliated libraries. 
650 0 |a Public interest law  |z Developing countries. 
650 0 |a Ethnological jurisprudence  |z Developing countries. 
650 0 |a Law and economic development. 
650 0 |a Government litigation  |z Developing countries. 
650 0 |a Law  |x Political aspects  |z Developing countries. 
650 0 |a Indigenous peoples  |x Legal status, laws, etc.  |z Developing countries. 
655 7 |a Electronic books.  |2 local 
700 1 |a Eckert, Julia M. 
710 2 |a ebrary, Inc. 
830 0 |a Cambridge studies in law and society. 
856 4 0 |u http://site.ebrary.com/lib/daystar/Doc?id=10568363  |z An electronic book accessible through the World Wide Web; click to view 
999 |c 197001  |d 197001